|
|
|
|
| LEADER |
00000ny a22000003n 4500 |
| 005 |
2011051005385.0 |
| 008 |
030606c19589999dcuqr ss f0 a0eng c |
| 022 |
|
|
|a 0026-4040
|
| 022 |
|
|
|a 1554-9569
|
| 035 |
|
|
|a 2537
|
| 040 |
|
|
|a UCA
|d vLex
|
| 090 |
|
|
|c 1581
|d 1581
|
| 245 |
0 |
0 |
|a Military law review
|h [Recurso electrn̤ico]
|
| 256 |
|
|
|a Servicio en ln̕ea
|
| 260 |
|
|
|a Washington, D.C. :
|b Headquarters, Dept. of the Army
|
| 310 |
|
|
|a Trimestral
|
| 506 |
1 |
|
|a Contenido solo disponible en los productos indicados
|d vLex Global
|d vLex Global (Academic Edition, excluding Law Schools)
|d vLex Global (U.S. Academic Edition, Law Schools)
|d vLex Global (U.S. Academic Edition, excluding Law Schools)
|d vLex Global (Academic Edition, Law Schools)
|
| 650 |
0 |
4 |
|a Delitos militares
|z Estados Unidos
|x Publicaciones perid̤icas
|
| 650 |
0 |
4 |
|a Justicia militar
|z Estados Unidos
|x Publicaciones perid̤icas
|
| 650 |
0 |
4 |
|a Tribunales militares
|z Estados Unidos
|x Publicaciones perid̤icas
|
| 710 |
1 |
|
|a Estados Unidos.
|b Dept. of the Army.
|
| 710 |
1 |
|
|a Judge Advocate General's School (United States. Army)
|
| 740 |
0 |
|
|a vLex Revista (Servicios en ln̕ea)
|
| 843 |
|
|
|a Electrn̤ica. Abierta
|
| 853 |
|
|
|8 1
|i (year)
|j (month)
|k (day)
|
| 856 |
4 |
0 |
|u http://vlex.com/source/2537
|z Acceso restringido
|
| 942 |
|
|
|c REV
|
| 999 |
0 |
0 |
|a Courts-martial and courts of inquiry
|z United States
|v Periodicals.
|
| 999 |
0 |
0 |
|a Military law
|z United States
|v Periodicals.
|
| 999 |
0 |
0 |
|a Military offenses
|z United States
|v Periodicals.
|